[Event "Rhodes Easter Cup"]
[Site "Rhodes"]
[Date "2022.04.29"]
[Round "9"]
[White "Krivenko, Dion"]
[Black "Yaramis, Hakan"]
[Result "1-0"]
[WhiteElo "2025"]
[BlackElo "2021"]
[PlyCount "61"]
[EventDate "2022.04.21"]
[EventType "swiss"]
[EventRounds "9"]
[EventCountry "GRE"]
[SourceTitle "CBM 208 Extra"]
[Source "ChessBase"]
[SourceDate "2022.07.31"]
[SourceVersion "1"]
[SourceVersionDate "2022.07.31"]
[SourceQuality "1"]

1. e4 c5 2. Nf3 Nc6 3. Bb5 g6 4. c3 Bg7 5. d4 cxd4 6. cxd4 Qb6 7. Nc3 e6 8. 0-0 Nxd4 9. Nxd4 Qxd4 10. Qe2 Ne7 11. Be3 Qf6 12. f4 Nc6 13. e5 Qd8 14. Ne4 d5 15. exd6 0-0 16. Bxc6 bxc6 17. Rfd1 Bd7 18. Nc5 Rb8 19. Bd4 Bxd4+ 20. Rxd4 Rb5 21. b4 a5 22. a3 Qb6 23. Qc4 Qa7 24. Rc1 axb4 25. axb4 Rfb8 26. Qc3 Ra8 27. h3 h6 28. Kh1 e5 29. fxe5 Bf5 30. Qf3 Qa2 31. d7 1-0

[Event "Rhodes Easter Cup"]
[Site "Rhodes"]
[Date "2022.04.22"]
[Round "2"]
[White "Yaramis, Hakan"]
[Black "Skytte, Rasmus"]
[Result "0-1"]
[WhiteElo "2021"]
[BlackElo "2357"]
[PlyCount "116"]
[EventDate "2022.04.21"]
[EventType "swiss"]
[EventRounds "9"]
[EventCountry "GRE"]
[SourceTitle "CBM 208 Extra"]
[Source "ChessBase"]
[SourceDate "2022.07.31"]
[SourceVersion "1"]
[SourceVersionDate "2022.07.31"]
[SourceQuality "1"]

1. d4 Nf6 2. c4 c5 3. d5 e6 4. Nc3 exd5 5. cxd5 d6 6. e4 g6 7. Bd3 Bg7 8. Nf3 0-0 9. 0-0 Bg4 10. h3 Bxf3 11. Qxf3 Nfd7 12. Qg3 a6 13. a4 Qc7 14. a5 Re8 15. f4 c4 16. Bc2 Nc5 17. Qf3 Nbd7 18. Be3 Rac8 19. Rfd1 Nb3 20. Bxb3 cxb3 21. Bd4 Bxd4+ 22. Rxd4 Qc5 23. Qf2 f6 24. Rd3 Qxf2+ 25. Kxf2 Rc4 26. Kf3 Nc5 27. Re3 h6 28. Rae1 Kf7 29. g3 Re7 30. R1e2 g5 31. Re1 Re8 32. R1e2 h5 33. Re1 Rd4 34. R1e2 Kg7 35. Re1 Rd2 36. R1e2 Rd4 37. Re1 Re7 38. R1e2 Kh6 39. Re1 h4 40. Rd1 Rxd1 41. Nxd1 hxg3 42. fxg5+ Kxg5 43. Kxg3 Rxe4 44. Rxe4 Nxe4+ 45. Kf3 Nd2+ 46. Ke3 Nc4+ 47. Kd4 Nxa5 48. Ne3 b5 49. h4+ Kg6 50. Kc3 Nc4 51. Ng2 Nb6 52. Kd4 Na4 53. Nf4+ Kf5 54. h5 Kg5 55. Ne6+ Kxh5 56. Ng7+ Kg6 57. Ne8 Nxb2 58. Kc3 Nc4 0-1

[Event "Cesme op 6th"]
[Site "Cesme"]
[Date "2018.06.30"]
[Round "8"]
[White "Koksal, Ege"]
[Black "Yaramis, Hakan"]
[Result "1-0"]
[WhiteElo "2356"]
[BlackElo "1983"]
[PlyCount "59"]
[EventDate "2018.06.26"]
[EventType "swiss"]
[EventRounds "9"]
[EventCountry "TUR"]
[SourceTitle "CBM 185 Extra"]
[Source "ChessBase"]
[SourceDate "2018.07.29"]
[SourceVersion "1"]
[SourceVersionDate "2018.07.29"]
[SourceQuality "1"]

1. d4 d5 2. c4 e6 3. Nc3 Nf6 4. Nf3 c6 5. Bg5 Be7 6. e3 Nbd7 7. Qc2 0-0 8. Rd1 a6 9. cxd5 cxd5 10. Bd3 Re8 11. 0-0 h6 12. Bf4 Qa5 13. Rc1 Nh5 14. Be5 Nxe5 15. dxe5 f5 16. Nd4 g6 17. g4 Ng7 18. gxf5 gxf5 19. Nce2 Bg5 20. Kh1 Qd8 21. Rg1 Kh7 22. Rg2 Re7 23. Nf3 Rf7 24. Nxg5+ hxg5 25. Rcg1 Bd7 26. Rxg5 Rc8 27. Qd2 Qc7 28. f4 Bb5 29. Bxb5 axb5 30. Nd4 1-0

[Event "Skopje U2200 op"]
[Site "Skopje"]
[Date "2017.12.08"]
[Round "3"]
[White "Yaramis, Hakan"]
[Black "Kralevski, Aleksander"]
[Result "1-0"]
[WhiteElo "1955"]
[BlackElo "2137"]
[PlyCount "41"]
[EventDate "2017.12.07"]
[EventType "swiss"]
[EventRounds "7"]
[EventCountry "MKD"]
[SourceTitle "CBM 182 Extra"]
[Source "ChessBase"]
[SourceDate "2018.02.23"]
[SourceVersion "1"]
[SourceVersionDate "2018.02.23"]
[SourceQuality "1"]

1. e4 e5 2. Nf3 Nf6 3. Nc3 Nc6 4. Bb5 Bb4 5. 0-0 0-0 6. d3 d6 7. Bg5 Bxc3 8. bxc3 h6 9. Bh4 Bg4 10. h3 Bxf3 11. Qxf3 g5 12. Bg3 Nh7 13. Bxc6 bxc6 14. Rab1 Rb8 15. Qe3 Rb6 16. d4 f6 17. Qd3 Kh8 18. f3 Qc8 19. Bf2 Ra6 20. Qc4 h5 21. Be3 1-0

[Event "Istanbul op"]
[Site "Istanbul"]
[Date "2016.09.04"]
[Round "9"]
[White "Gasanov, Eldar"]
[Black "Yaramis, Hakan"]
[Result "1-0"]
[WhiteElo "2498"]
[BlackElo "2030"]
[PlyCount "47"]
[EventDate "2016.08.29"]
[EventType "swiss"]
[EventRounds "9"]
[EventCountry "TUR"]
[SourceTitle "CBM 174 Extra"]
[Source "ChessBase"]
[SourceDate "2016.10.10"]
[SourceVersion "1"]
[SourceVersionDate "2016.10.10"]
[SourceQuality "1"]

1. Nf3 e6 2. c4 Nf6 3. g3 b6 4. Bg2 Bb7 5. 0-0 Be7 6. Nc3 0-0 7. d4 Ne4 8. Bd2 d6 9. d5 Nxc3 10. Bxc3 e5 11. e4 Bc8 12. Ne1 f5 13. Nd3 Bg5 14. f4 exf4 15. Nxf4 fxe4 16. Ne6 Bxe6 17. dxe6 Na6 18. Bxe4 Rb8 19. Qh5 Bh6 20. Rf7 Rxf7 21. Qxf7+ Kh8 22. e7 Qe8 23. Qxe8+ Rxe8 24. Rf1 1-0

[Event "Istanbul op"]
[Site "Istanbul"]
[Date "2016.08.30"]
[Round "3"]
[White "Ozer, Omer Faruk"]
[Black "Yaramis, Hakan"]
[Result "1/2-1/2"]
[WhiteElo "2374"]
[BlackElo "2030"]
[PlyCount "72"]
[EventDate "2016.08.29"]
[EventType "swiss"]
[EventRounds "9"]
[EventCountry "TUR"]
[SourceTitle "CBM 174 Extra"]
[Source "ChessBase"]
[SourceDate "2016.10.10"]
[SourceVersion "1"]
[SourceVersionDate "2016.10.10"]
[SourceQuality "1"]

1. e4 c5 2. Nf3 d6 3. d4 cxd4 4. Nxd4 Nf6 5. Nc3 a6 6. Bg5 e6 7. Qe2 Qc7 8. 0-0-0 Be7 9. f4 h6 10. Bxf6 Bxf6 11. Qd2 Be7 12. g4 Nc6 13. Nf3 b5 14. a3 Qb6 15. Na2 Bb7 16. Bd3 0-0-0 17. Kb1 Kb8 18. Rhe1 Rc8 19. f5 Ne5 20. Nxe5 dxe5 21. Rf1 Rhd8 22. Qe1 f6 23. Qe2 Rc7 24. c3 Rcd7 25. Bc2 Rxd1+ 26. Rxd1 exf5 27. gxf5 Rxd1+ 28. Qxd1 Qe3 29. Qh1 Bc5 30. Nc1 Bb6 31. Ka2 Qd2 32. Bb1 Kc7 33. Nb3 Qe2 34. Nc1 Qd2 35. Nb3 Qe2 36. Nc1 Qd2 1/2-1/2

[Event "TUR-chT"]
[Site "Kocaeli"]
[Date "2014.08.19"]
[Round "2.3"]
[White "Yaramis, Hakan"]
[Black "Hajiyev, Shahin Qabil"]
[Result "1-0"]
[WhiteElo "2089"]
[BlackElo "2014"]
[PlyCount "59"]
[EventDate "2014.08.18"]
[EventType "team-tourn"]
[EventRounds "13"]
[EventCountry "TUR"]
[SourceTitle "CBM 162 Extra"]
[Source "ChessBase"]
[SourceDate "2014.10.17"]
[SourceVersion "1"]
[SourceVersionDate "2014.10.17"]
[SourceQuality "1"]
[WhiteTeam "Turk Hava Yollari"]
[BlackTeam "Mersin Ezgi"]
[WhiteTeamCountry "TUN"]
[BlackTeamCountry "TUR"]

1. d4 d5 2. c4 c6 3. Nc3 Nf6 4. Nf3 e6 5. e3 Nbd7 6. Bd3 dxc4 7. Bxc4 b5 8. Bd3 Bb7 9. e4 b4 10. Na4 c5 11. e5 Nd5 12. 0-0 cxd4 13. Nxd4 a6 14. Nxe6 fxe6 15. Qh5+ Ke7 16. Bg5+ N5f6 17. exf6+ gxf6 18. Bh4 Qe8 19. Qg4 Kf7 20. Bg3 f5 21. Qh5+ Kg7 22. Qxe8 Rxe8 23. Rac1 Rc8 24. Rxc8 Bxc8 25. Rc1 Be7 26. Rc6 Nf6 27. Nb6 Rd8 28. Bf1 Bb7 29. Rc7 Nd5 30. Rxb7 1-0

[Event "Poti Aleksandria Cup 9th"]
[Site "Poti"]
[Date "2014.07.14"]
[Round "2"]
[White "Yaramis, Hakan"]
[Black "Bajarani, Ulvi"]
[Result "0-1"]
[WhiteElo "2102"]
[BlackElo "2486"]
[PlyCount "106"]
[EventDate "2014.07.13"]
[EventType "swiss"]
[EventRounds "9"]
[EventCountry "GEO"]
[SourceTitle "CBM 161 Extra"]
[Source "ChessBase"]
[SourceDate "2014.08.29"]
[SourceVersion "1"]
[SourceVersionDate "2014.08.29"]
[SourceQuality "1"]

1. d4 d5 2. Nf3 Nf6 3. e3 c5 4. b3 cxd4 5. exd4 g6 6. Bd3 Bg7 7. Bb2 0-0 8. 0-0 Nc6 9. Re1 Ne8 10. Ne5 Nd6 11. Nd2 Bf5 12. Nxc6 bxc6 13. Bxf5 Nxf5 14. Nf3 c5 15. Rb1 Qc7 16. dxc5 Bxb2 17. Rxb2 Qxc5 18. Qd2 Rad8 19. g4 Ng7 20. Qd4 Qc7 21. Qe5 Rd7 22. Qxc7 Rxc7 23. c4 dxc4 24. bxc4 Rxc4 25. Rxe7 Rxg4+ 26. Kf1 Ra4 27. Rbb7 Nf5 28. Red7 a5 29. Ra7 Rxa2 30. Rd5 Rb8 31. Rdxa5 Ne3+ 32. fxe3 Rb1+ 33. Ne1 Rxh2 34. Re5 Rh1+ 35. Kg2 Rbxe1 36. Ree7 Rhf1 37. e4 Rf4 38. e5 Kf8 39. e6 Rxe6 40. Rxe6 fxe6 41. Rxh7 Rf7 42. Rh8+ Kg7 43. Re8 Kf6 44. Kg3 Kf5 45. Kf3 Rf6 46. Rb8 Kg5+ 47. Kg3 e5 48. Re8 Kf5 49. Kf3 Rf7 50. Ke3 Kg4 51. Rxe5 g5 52. Ra5 Kh4 53. Ra1 g4 0-1

[Event "TUR-chT"]
[Site "Konya"]
[Date "2010.07.07"]
[Round "11"]
[White "Yaramis, Hakan"]
[Black "Erturan, Yakup"]
[Result "0-1"]
[WhiteElo "2103"]
[BlackElo "2377"]
[PlyCount "150"]
[EventDate "2010.06.29"]
[EventType "team-tourn"]
[EventRounds "13"]
[EventCountry "TUR"]
[SourceTitle "CBM 137 Extra"]
[Source "ChessBase"]
[SourceDate "2010.09.01"]
[SourceVersion "1"]
[SourceVersionDate "2010.09.01"]
[SourceQuality "1"]

1. e4 e6 2. d4 d5 3. e5 c5 4. c3 Qb6 5. Nf3 Nc6 6. a3 c4 7. Be2 Bd7 8. 0-0 0-0-0 9. Nbd2 Na5 10. Ng5 Nh6 11. f4 f6 12. Nh3 Be7 13. Qe1 Rhg8 14. Bd1 Rdf8 15. Bc2 Rh8 16. Rb1 Kb8 17. Nf3 Nb3 18. Be3 Ng4 19. Nf2 Nxe3 20. Qxe3 f5 21. Kh1 h6 22. g3 Ba4 23. Bd1 Qd8 24. Nd2 Nxd2 25. Qxd2 Be8 26. Nh3 g5 27. Be2 Rfg8 28. Rg1 Rg7 29. Rbf1 Rhg8 30. Bd1 h5 31. Nxg5 Bxg5 32. fxg5 Rxg5 33. Rf4 R5g7 34. Rgf1 Qg5 35. Qf2 Rh8 36. Rh4 Kc7 37. Qf4 Qe7 38. Qd2 Kb6 39. Rff4 Ka5 40. b4+ cxb3 41. c4+ Ka6 42. c5 b6 43. Qb4 Kb7 44. Bxb3 Ka8 45. cxb6 Qxb4 46. axb4 axb6 47. Rf2 Ra7 48. Kg2 Kb7 49. h3 Rg8 50. Bd1 Ra3 51. Rf3 Ra1 52. Rd3 Ra2+ 53. Kf3 Ka6 54. Kf4 Bb5 55. Re3 Rd2 56. Ra3+ Kb7 57. Bxh5 Rxd4+ 58. Ke3 Rxh4 59. gxh4 Rh8 60. Bf7 Rxh4 61. Kf2 Bd7 62. Rg3 Rh6 63. Kf3 Kc6 64. Kf4 d4 65. Kg5 Rh8 66. h4 Kd5 67. h5 Be8 68. Bxe8 Rxe8 69. h6 Kxe5 70. h7 Rh8 71. Kg6 Ke4 72. Rg1 e5 73. Re1+ Kd5 74. Kxf5 Rxh7 75. Rxe5+ Kc4 0-1

[Event "EU-Cup 23rd"]
[Site "Kemer"]
[Date "2007.10.04"]
[Round "2.5"]
[White "Young, Alan J"]
[Black "Yaramis, Hakan"]
[Result "0-1"]
[WhiteElo "1987"]
[BlackElo "2119"]
[PlyCount "122"]
[EventDate "2007.10.03"]
[EventType "team-swiss"]
[EventRounds "7"]
[EventCountry "TUR"]
[SourceTitle "CBM 121"]
[Source "ChessBase"]
[SourceDate "2007.11.14"]
[SourceVersion "1"]
[SourceVersionDate "2007.11.14"]
[SourceQuality "1"]
[WhiteTeam "Nidum Liberals"]
[BlackTeam "Besiktas Jimnastik"]
[WhiteTeamCountry "WLS"]
[BlackTeamCountry "TUR"]

1. e4 c5 2. c3 d5 3. exd5 Qxd5 4. d4 Nf6 5. Nf3 e6 6. Nbd2 Nc6 7. Bc4 Qd6 8. Nb3 cxd4 9. Nbxd4 Bd7 10. 0-0 a6 11. Qe2 Be7 12. Rd1 Qc7 13. g3 b5 14. Bb3 0-0 15. Bf4 Qb7 16. Ne5 Nxe5 17. Bxe5 Rfd8 18. Bc2 Rac8 19. Rd3 Nd5 20. Qg4 Bf6 21. Re1 Bxe5 22. Rxe5 Nf6 23. Qh4 Bc6 24. Rde3 Rd5 25. Rxd5 Bxd5 26. g4 h6 27. g5 hxg5 28. Qxg5 Qc7 29. Rg3 Ne8 30. Rh3 Qd8 31. Qh5 f5 32. Qh7+ Kf8 33. Rg3 Qf6 34. f4 Qh6 35. Qxh6 gxh6 36. Rg6 Kf7 37. Rxh6 Nf6 38. Rh3 Rg8+ 39. Rg3 Rh8 40. Bb3 Bxb3 41. Nxb3 Nd5 42. Rf3 Rh4 43. Nc5 Nxf4 44. Nxa6 e5 45. Nc7 Rg4+ 46. Kf1 e4 47. Rg3 Rh4 48. h3 Nh5 49. Re3 f4 50. Re1 Kf6 51. Nxb5 Ke5 52. Nd4 Rxh3 53. Nc6+ Kf5 54. Nd4+ Kg4 55. Kg2 e3 56. Rf1 f3+ 57. Kg1 Nf4 58. Nxf3 Rxf3 59. Re1 Kg3 60. a4 Nh3+ 61. Kh1 e2 0-1